000 00557nam a2200121Ia 4500
008 171212s9999 xx 000 0 und d
020 _a9780833052605
100 _aPaul, Christopher;Thie, Harry J.;Webb, Katharine Watkins;Young, Stephanie;Clarke, Colin P.
245 _cPaul, Christopher;Thie, Harry J.;Webb, Katharine Watkins;Young, Stephanie;Clarke, Colin P.
_aAlert and Ready
_bAn Organizational Design Assessment of Marine Corps Intelligence
260 _bRAND Corporation
_c2011
650 _aBusiness
856 _uwww.jstor.org/stable/10.7249/mg1108usmc
999 _c351700
_d351700